000 00619nam a2200241Ia 4500
003 OSt
005 20220924153430.0
006 a|||||r|||| 00| 0
007 ta
008 220923b |||||||| |||| 00| 0 tam d
024 _a350148
037 _cTextual
040 _aARTS
_cARTS
_btam
041 _2tam
_atam
082 _aX:3MxM18x, 31N8.1-.3
100 _aTiyagu Tr.
_9228804
245 0 _aKarl marx moolatharam arasiyal
260 _c1998
300 _a684p.
_ccm.
650 _aECONOMICS
942 _hX:3MxM18x, 31N8.1-.3
_cTEXL
_2CC
999 _c473569
_d473569